[Event "Team women final 2016"]
[Site "Sochi"]
[Date "2016.05.05"]
[Round "5.7"]
[White "Kashlinskaya, Alina"]
[Black "Khazieva, Elza"]
[Result "1-0"]
[LiveChessVersion "1.4.4"]
[BlackElo "2147"]
[WhiteElo "2466"]
[BlackTeam "Ladya"]
[WhiteTeam "Legacy"]

1. d4 {[%clk 1:30:58]} Nf6 {[%clk 1:30:53]} 2. c4 {[%clk 1:31:21]} e6
{[%clk 1:31:19]} 3. Nc3 {[%clk 1:31:45]} Bb4 {[%clk 1:31:45]} 4. e3
{[%clk 1:32:07]} b6 {[%clk 1:32:03]} 5. Bd3 {[%clk 1:32:28]} Bb7 {[%clk 1:32:22]}
6. Nf3 {[%clk 1:32:50]} O-O {[%clk 1:32:41]} 7. O-O {[%clk 1:33:06]} d5
{[%clk 1:32:50]} 8. cxd5 {[%clk 1:33:03]} exd5 {[%clk 1:33:19]} 9. a3
{[%clk 1:31:32]} Bd6 {[%clk 1:33:43]} 10. b4 {[%clk 1:31:41]} Nbd7
{[%clk 1:30:59]} 11. Qb3 {[%clk 1:30:27]} a6 {[%clk 1:30:56]} 12. a4
{[%clk 1:29:28]} Qe7 {[%clk 1:29:23]} 13. Rb1 {[%clk 1:21:41]} Rab8
{[%clk 1:28:30]} 14. b5 {[%clk 1:19:54]} a5 {[%clk 1:20:10]} 15. Bb2
{[%clk 1:11:30]} Rfd8 {[%clk 1:13:58]} 16. Rbe1 {[%clk 1:05:38]} Nf8
{[%clk 1:08:04]} 17. Ne5 {[%clk 1:04:00]} Bxe5 {[%clk 0:56:24]} 18. dxe5
{[%clk 1:04:24]} Ne4 {[%clk 0:52:49]} 19. Nb1 {[%clk 0:37:00]} Nd7
{[%clk 0:45:17]} 20. f4 {[%clk 0:32:08]} Ndc5 {[%clk 0:35:28]} 21. Qa3
{[%clk 0:31:06]} c6 {[%clk 0:31:57]} 22. Rd1 {[%clk 0:28:22]} cxb5
{[%clk 0:30:13]} 23. axb5 {[%clk 0:28:26]} Rbc8 {[%clk 0:22:16]} 24. Nd2
{[%clk 0:26:15]} Nxd2 {[%clk 0:18:46]} 25. Rxd2 {[%clk 0:26:40]} Qh4
{[%clk 0:18:03]} 26. Bf5 {[%clk 0:24:32]} Rc7 {[%clk 0:13:57]} 27. Rfd1
{[%clk 0:23:27]} Qh5 {[%clk 0:11:33]} 28. Bb1 {[%clk 0:21:38]} Re8
{[%clk 0:11:40]} 29. Bd4 {[%clk 0:18:54]} Bc8 {[%clk 0:10:40]} 30. h3
{[%clk 0:13:14]} Bf5 {[%clk 0:07:25]} 31. Bxf5 {[%clk 0:12:50]} Qxf5
{[%clk 0:07:53]} 32. Bxc5 {[%clk 0:13:03]} Rxc5 {[%clk 0:08:20]} 33. Rxd5
{[%clk 0:13:14]} Rxd5 {[%clk 0:08:25]} 34. Rxd5 {[%clk 0:13:42]} Qe4
{[%clk 0:07:56]} 35. Qb3 {[%clk 0:09:43]} h6 {[%clk 0:01:31]} 36. Rd7
{[%clk 0:07:44]} Qf5 {[%clk 0:01:54]} 37. Rd6 {[%clk 0:07:24]} Rc8
{[%clk 0:01:09]} 38. Rxb6 {[%clk 0:06:06]} Qe4 {[%clk 0:01:04]} 39. e6
{[%clk 0:05:10]} Rc1+ {[%clk 0:00:41]} 40. Kh2 {[%clk 0:35:39]} Rc2
{[%clk 0:30:37]} 41. exf7+ {[%clk 0:35:10]} Kh7 {[%clk 0:30:39]} 42. Qxc2
{[%clk 0:35:08]} 1-0

[Event "Team women final 2016"]
[Site "Sochi"]
[Date "2016.05.05"]
[Round "5.8"]
[White "Markelova, Lubov"]
[Black "Savina, Anastasia"]
[Result "1/2-1/2"]
[LiveChessVersion "1.4.4"]
[BlackElo "2387"]
[WhiteElo "2059"]
[BlackTeam "Legacy"]
[WhiteTeam "Ladya"]

1. Nf3 {[%clk 1:30:57]} c5 {[%clk 1:30:43]} 2. c4 {[%clk 1:31:16]} g6
{[%clk 1:30:58]} 3. g3 {[%clk 1:31:13]} Bg7 {[%clk 1:31:18]} 4. Bg2
{[%clk 1:31:36]} Nc6 {[%clk 1:31:01]} 5. Nc3 {[%clk 1:31:17]} e5 {[%clk 1:29:55]}
6. O-O {[%clk 1:30:28]} Nge7 {[%clk 1:30:14]} 7. a3 {[%clk 1:29:48]} a5
{[%clk 1:30:25]} 8. Ne1 {[%clk 1:28:56]} d6 {[%clk 1:30:30]} 9. Nc2
{[%clk 1:28:56]} O-O {[%clk 1:30:45]} 10. d3 {[%clk 1:26:35]} Nd4
{[%clk 1:26:49]} 11. Ne3 {[%clk 1:17:29]} Rb8 {[%clk 1:24:28]} 12. Rb1
{[%clk 1:10:43]} b5 {[%clk 1:17:22]} 13. Nxb5 {[%clk 1:07:30]} Nxb5
{[%clk 1:17:05]} 14. cxb5 {[%clk 1:07:55]} Rxb5 {[%clk 1:17:18]} 15. Bd2
{[%clk 1:06:18]} Be6 {[%clk 1:08:20]} 16. b4 {[%clk 1:01:45]} axb4
{[%clk 1:05:19]} 17. axb4 {[%clk 1:02:10]} cxb4 {[%clk 1:04:11]} 18. Rxb4
{[%clk 1:00:00]} Rxb4 {[%clk 1:01:30]} 19. Bxb4 {[%clk 1:00:26]} Qb6
{[%clk 1:01:45]} 20. Qa4 {[%clk 0:53:26]} Rb8 {[%clk 0:59:04]} 21. Ba3
{[%clk 0:51:44]} Qd8 {[%clk 0:47:44]} 22. Bb4 {[%clk 0:31:47]} Bf8
{[%clk 0:31:40]} 23. Rc1 {[%clk 0:26:17]} d5 {[%clk 0:27:36]} 24. Ba5
{[%clk 0:22:31]} Qe8 {[%clk 0:27:15]} 25. Qxe8 {[%clk 0:22:41]} Rxe8
{[%clk 0:27:40]} 26. Bb4 {[%clk 0:17:15]} d4 {[%clk 0:23:27]} 27. Nc4
{[%clk 0:14:31]} Rc8 {[%clk 0:20:50]} 28. Bd2 {[%clk 0:13:21]} f6
{[%clk 0:19:45]} 29. h4 {[%clk 0:07:52]} Nd5 {[%clk 0:15:49]} 30. Bf3
{[%clk 0:07:17]} Rb8 {[%clk 0:13:56]} 31. Kg2 {[%clk 0:06:17]} Bf7
{[%clk 0:12:38]} 32. Kf1 {[%clk 0:05:21]} Rb3 {[%clk 0:12:25]} 33. Ra1
{[%clk 0:04:00]} Rb8 {[%clk 0:08:42]} 34. Ra7 {[%clk 0:02:45]} Nc3
{[%clk 0:08:33]} 35. Ra8 {[%clk 0:00:39]} Rxa8 {[%clk 0:05:48]} 36. Bxa8
{[%clk 0:01:04]} Bd5 {[%clk 0:05:32]} 37. Bxd5+ {[%clk 0:01:19]} Nxd5
{[%clk 0:05:58]} 38. Ba5 {[%clk 0:00:44]} Kf7 {[%clk 0:05:49]} 39. Ke1
{[%clk 0:00:37]} Ke6 {[%clk 0:04:51]} 40. Kf1 {[%clk 0:30:36]} h5
{[%clk 0:33:57]} 41. Ke1 {[%clk 0:19:18]} Be7 {[%clk 0:31:41]} 42. Kf1
{[%clk 0:18:06]} Kd7 {[%clk 0:24:23]} 43. e3 {[%clk 0:12:54]} dxe3
{[%clk 0:19:52]} 44. fxe3 {[%clk 0:12:50]} Ke6 {[%clk 0:16:36]} 45. Ke2
{[%clk 0:10:13]} Nb4 {[%clk 0:14:42]} 46. Nd2 {[%clk 0:04:47]} Na2
{[%clk 0:10:52]} 47. Nb3 {[%clk 0:03:06]} Nb4 {[%clk 0:07:06]} 1/2-1/2

[Event "Team women final 2016"]
[Site "Sochi"]
[Date "2016.05.05"]
[Round "5.9"]
[White "Goryachkina, Aleksandra"]
[Black "Ubiennykh, Ekaterina"]
[Result "1-0"]
[LiveChessVersion "1.4.4"]
[BlackElo "2307"]
[WhiteElo "2485"]
[BlackTeam "Boavishta"]
[WhiteTeam "University"]

1. d4 {[%clk 1:30:57]} Nf6 {[%clk 1:30:51]} 2. Nf3 {[%clk 1:31:08]} g6
{[%clk 1:31:13]} 3. c4 {[%clk 1:31:14]} Bg7 {[%clk 1:31:37]} 4. Nc3
{[%clk 1:31:39]} O-O {[%clk 1:32:00]} 5. e4 {[%clk 1:32:03]} d6 {[%clk 1:32:26]}
6. Be2 {[%clk 1:32:25]} e5 {[%clk 1:32:49]} 7. Be3 {[%clk 1:32:35]} Nh5
{[%clk 1:33:04]} 8. dxe5 {[%clk 1:25:38]} dxe5 {[%clk 1:33:19]} 9. Qxd8
{[%clk 1:19:33]} Rxd8 {[%clk 1:33:41]} 10. g3 {[%clk 1:19:42]} c6
{[%clk 1:29:35]} 11. O-O {[%clk 1:18:04]} Bg4 {[%clk 1:26:47]} 12. Rfd1
{[%clk 1:14:34]} Re8 {[%clk 1:22:53]} 13. b4 {[%clk 1:08:58]} Bf6
{[%clk 1:18:52]} 14. Nd2 {[%clk 1:03:56]} Bxe2 {[%clk 1:18:21]} 15. Nxe2
{[%clk 1:04:24]} Na6 {[%clk 1:14:29]} 16. a3 {[%clk 1:02:46]} Nc7
{[%clk 1:12:24]} 17. Nb3 {[%clk 1:02:25]} Ne6 {[%clk 1:07:13]} 18. Na5
{[%clk 0:56:09]} Re7 {[%clk 1:05:45]} 19. h4 {[%clk 0:54:46]} Rc7
{[%clk 1:04:31]} 20. c5 {[%clk 0:52:47]} Bg7 {[%clk 1:01:13]} 21. Ra2
{[%clk 0:49:27]} f5 {[%clk 1:00:37]} 22. Bc1 {[%clk 0:39:22]} Nf6
{[%clk 0:55:03]} 23. Bb2 {[%clk 0:35:41]} Nxe4 {[%clk 0:42:37]} 24. f3
{[%clk 0:34:45]} N4xc5 {[%clk 0:42:38]} 25. bxc5 {[%clk 0:35:03]} Nxc5
{[%clk 0:43:04]} 26. Nc4 {[%clk 0:33:53]} Re8 {[%clk 0:42:33]} 27. Bc3
{[%clk 0:28:45]} Na4 {[%clk 0:41:05]} 28. Be1 {[%clk 0:21:27]} b5
{[%clk 0:39:15]} 29. Nb2 {[%clk 0:18:47]} Nxb2 {[%clk 0:35:58]} 30. Rxb2
{[%clk 0:19:11]} e4 {[%clk 0:36:21]} 31. Rb3 {[%clk 0:18:20]} exf3
{[%clk 0:36:30]} 32. Nf4 {[%clk 0:18:14]} Re4 {[%clk 0:31:20]} 33. Bf2
{[%clk 0:17:54]} a5 {[%clk 0:29:25]} 34. Rxf3 {[%clk 0:16:14]} c5
{[%clk 0:24:35]} 35. Rd8+ {[%clk 0:12:07]} Kf7 {[%clk 0:24:51]} 36. Nd5
{[%clk 0:11:11]} Rc6 {[%clk 0:22:12]} 37. Rb8 {[%clk 0:10:34]} b4
{[%clk 0:20:01]} 38. Rb7+ {[%clk 0:10:33]} Kf8 {[%clk 0:13:20]} 39. Rb5
{[%clk 0:09:59]} Bd4 {[%clk 0:10:29]} 40. Rxa5 {[%clk 0:35:03]} Bxf2+
{[%clk 0:40:34]} 41. Kxf2 {[%clk 0:33:39]} Rd4 {[%clk 0:40:34]} 42. Ra8+
{[%clk 0:28:34]} Kf7 {[%clk 0:31:37]} 43. Ra7+ {[%clk 0:28:20]} Ke6
{[%clk 0:31:40]} 44. Nf4+ {[%clk 0:27:22]} Kf6 {[%clk 0:30:54]} 45. Re3
{[%clk 0:21:53]} bxa3 {[%clk 0:28:34]} 46. Rexa3 {[%clk 0:20:52]} h6
{[%clk 0:25:20]} 47. h5 {[%clk 0:20:01]} gxh5 {[%clk 0:23:22]} 48. Rh7
{[%clk 0:19:28]} Ke5 {[%clk 0:17:15]} 49. Raa7 {[%clk 0:16:58]} Rdd6
{[%clk 0:15:55]} 50. Ke3 {[%clk 0:16:22]} Rg6 {[%clk 0:03:32]} 51. Rae7+
{[%clk 0:15:45]} Kf6 {[%clk 0:03:47]} 52. Nxg6 {[%clk 0:15:51]} Kxg6
{[%clk 0:04:10]} 53. Reg7+ {[%clk 0:16:11]} 1-0

[Event "Team women final 2016"]
[Site "Sochi"]
[Date "2016.05.05"]
[Round "5.10"]
[White "Tomilova, Elena"]
[Black "Zhukova, Natalia"]
[Result "1-0"]
[LiveChessVersion "1.4.4"]
[BlackElo "2489"]
[WhiteElo "2305"]
[BlackTeam "University"]
[WhiteTeam "Boavishta"]

1. d4 {[%clk 1:30:56]} Nf6 {[%clk 1:29:34]} 2. Bg5 {[%clk 1:30:25]} Ne4
{[%clk 1:24:29]} 3. Bf4 {[%clk 1:30:44]} c5 {[%clk 1:24:52]} 4. f3
{[%clk 1:31:06]} Qa5+ {[%clk 1:25:11]} 5. c3 {[%clk 1:31:23]} Nf6
{[%clk 1:25:32]} 6. Nd2 {[%clk 1:30:49]} cxd4 {[%clk 1:25:44]} 7. Nb3
{[%clk 1:31:09]} Qd8 {[%clk 1:26:04]} 8. cxd4 {[%clk 1:30:05]} d5
{[%clk 1:22:35]} 9. e3 {[%clk 1:29:58]} e6 {[%clk 1:22:20]} 10. Bd3
{[%clk 1:28:52]} Nc6 {[%clk 1:17:13]} 11. Ne2 {[%clk 1:27:59]} Bd6
{[%clk 1:08:22]} 12. O-O {[%clk 1:25:24]} O-O {[%clk 1:08:35]} 13. Rc1
{[%clk 1:24:39]} a5 {[%clk 1:02:04]} 14. Bb1 {[%clk 1:09:14]} Ne7
{[%clk 0:35:37]} 15. Be5 {[%clk 0:46:26]} Ng6 {[%clk 0:27:52]} 16. Bxg6
{[%clk 0:45:37]} hxg6 {[%clk 0:28:10]} 17. Nf4 {[%clk 0:45:27]} b6
{[%clk 0:19:06]} 18. Rc6 {[%clk 0:41:12]} Ne8 {[%clk 0:17:50]} 19. Nd3
{[%clk 0:33:03]} Bb7 {[%clk 0:16:20]} 20. Rc2 {[%clk 0:32:17]} Ba6
{[%clk 0:14:40]} 21. Re1 {[%clk 0:30:09]} Be7 {[%clk 0:12:34]} 22. Nbc1
{[%clk 0:27:47]} Nd6 {[%clk 0:08:49]} 23. Bxd6 {[%clk 0:25:40]} Bxd6
{[%clk 0:08:52]} 24. Ne5 {[%clk 0:24:51]} Rc8 {[%clk 0:04:04]} 25. f4
{[%clk 0:15:53]} Qh4 {[%clk 0:03:15]} 26. g3 {[%clk 0:13:00]} Qh3
{[%clk 0:03:30]} 27. Ncd3 {[%clk 0:12:53]} Rxc2 {[%clk 0:00:50]} 28. Qxc2
{[%clk 0:13:21]} Rc8 {[%clk 0:01:13]} 29. Qb3 {[%clk 0:12:55]} a4
{[%clk 0:01:17]} 30. Qxb6 {[%clk 0:11:41]} Rc2 {[%clk 0:01:35]} 31. Nf2
{[%clk 0:11:28]} Rxf2 {[%clk 0:01:54]} 32. Kxf2 {[%clk 0:11:51]} Qxh2+
{[%clk 0:02:12]} 33. Kf3 {[%clk 0:12:16]} Bxe5 {[%clk 0:00:34]} 34. dxe5
{[%clk 0:11:15]} Qh5+ {[%clk 0:00:31]} 35. Kg2 {[%clk 0:11:29]} Bd3
{[%clk 0:00:32]} 36. Qd8+ {[%clk 0:11:40]} Kh7 {[%clk 0:01:00]} 37. Qh4
{[%clk 0:11:58]} 1-0

[Event "Team women final 2016"]
[Site "Sochi"]
[Date "2016.05.05"]
[Round "5.11"]
[White "Zaiatz, Elena"]
[Black "Drozdova, Dina"]
[Result "1/2-1/2"]
[LiveChessVersion "1.4.4"]
[BlackElo "2235"]
[WhiteElo "2364"]
[BlackTeam "Boavishta"]
[WhiteTeam "University"]

1. d4 {[%clk 1:30:54]} Nf6 {[%clk 1:30:48]} 2. c4 {[%clk 1:31:14]} e6
{[%clk 1:31:05]} 3. Nc3 {[%clk 1:31:37]} Bb4 {[%clk 1:31:18]} 4. e3
{[%clk 1:31:55]} O-O {[%clk 1:30:33]} 5. Nge2 {[%clk 1:31:53]} d5
{[%clk 1:24:44]} 6. a3 {[%clk 1:30:40]} Be7 {[%clk 1:24:34]} 7. cxd5
{[%clk 1:30:55]} exd5 {[%clk 1:24:56]} 8. g3 {[%clk 1:31:20]} c6 {[%clk 1:25:03]}
9. Bg2 {[%clk 1:31:44]} a5 {[%clk 1:18:36]} 10. O-O {[%clk 1:31:59]} Na6
{[%clk 1:18:55]} 11. Bd2 {[%clk 1:22:06]} Re8 {[%clk 1:13:00]} 12. Rc1
{[%clk 1:04:01]} Bf8 {[%clk 1:08:58]} 13. Qc2 {[%clk 1:02:33]} Nc7
{[%clk 0:58:25]} 14. f3 {[%clk 0:56:52]} Ne6 {[%clk 0:57:14]} 15. Rcd1
{[%clk 0:56:53]} b5 {[%clk 0:49:46]} 16. Na2 {[%clk 0:50:58]} c5 {[%clk 0:42:22]}
17. dxc5 {[%clk 0:51:12]} Bxc5 {[%clk 0:42:42]} 18. b4 {[%clk 0:51:33]} axb4
{[%clk 0:42:06]} 19. axb4 {[%clk 0:51:55]} Bb6 {[%clk 0:40:19]} 20. Kh1
{[%clk 0:50:18]} Qc7 {[%clk 0:38:47]} 21. Qb1 {[%clk 0:32:01]} Bd7
{[%clk 0:29:59]} 22. Nac1 {[%clk 0:23:05]} Ra3 {[%clk 0:19:06]} 23. Nb3
{[%clk 0:15:27]} Qc4 {[%clk 0:18:14]} 24. Nec1 {[%clk 0:10:31]} Rc8
{[%clk 0:13:50]} 25. Bh3 {[%clk 0:10:35]} Qc2 {[%clk 0:13:13]} 26. Bf5
{[%clk 0:08:46]} Qxb1 {[%clk 0:13:28]} 27. Bxb1 {[%clk 0:09:13]} Ne8
{[%clk 0:06:54]} 28. e4 {[%clk 0:06:01]} dxe4 {[%clk 0:06:21]} 29. Bxe4
{[%clk 0:05:18]} Nf6 {[%clk 0:06:45]} 30. Be1 {[%clk 0:04:44]} Ng5
{[%clk 0:04:17]} 31. Bb7 {[%clk 0:03:20]} Rb8 {[%clk 0:04:30]} 32. h4
{[%clk 0:03:41]} Ne6 {[%clk 0:04:13]} 33. Be4 {[%clk 0:04:07]} Nf8
{[%clk 0:04:05]} 34. Bd3 {[%clk 0:02:28]} Bh3 {[%clk 0:04:16]} 35. Bxb5
{[%clk 0:02:53]} Bxf1 {[%clk 0:04:37]} 36. Bxf1 {[%clk 0:03:22]} Ne6
{[%clk 0:03:58]} 37. Kg2 {[%clk 0:03:43]} Rd8 {[%clk 0:03:42]} 38. Rxd8+
{[%clk 0:03:37]} Nxd8 {[%clk 0:04:02]} 39. Bc4 {[%clk 0:03:44]} Nc6
{[%clk 0:04:06]} 40. Bc3 {[%clk 0:33:55]} Ra7 {[%clk 0:32:33]} 41. g4
{[%clk 0:20:29]} Rc7 {[%clk 0:31:49]} 42. Nd2 {[%clk 0:20:49]} Bd4
{[%clk 0:29:29]} 43. Bxd4 {[%clk 0:20:47]} Nxd4 {[%clk 0:29:54]} 44. Nd3
{[%clk 0:20:00]} Nd7 {[%clk 0:25:44]} 45. Kf2 {[%clk 0:20:20]} Nb6
{[%clk 0:25:05]} 46. Ba6 {[%clk 0:20:39]} Kf8 {[%clk 0:15:21]} 47. Ne4
{[%clk 0:20:04]} Rc2+ {[%clk 0:15:00]} 48. Ke3 {[%clk 0:20:19]} Nc6
{[%clk 0:14:44]} 49. Nec5 {[%clk 0:17:54]} Nd5+ {[%clk 0:14:39]} 50. Ke4
{[%clk 0:18:19]} Ndxb4 {[%clk 0:12:43]} 51. Bb5 {[%clk 0:18:13]} Nxd3
{[%clk 0:09:37]} 52. Nxd3 {[%clk 0:18:37]} Ne7 {[%clk 0:09:21]} 53. h5
{[%clk 0:17:51]} Re2+ {[%clk 0:08:16]} 54. Kf4 {[%clk 0:17:55]} Nd5+
{[%clk 0:08:16]} 55. Kg3 {[%clk 0:18:20]} Rd2 {[%clk 0:08:01]} 56. f4
{[%clk 0:14:29]} f6 {[%clk 0:07:09]} 57. Kf3 {[%clk 0:14:37]} g6 {[%clk 0:06:39]}
58. hxg6 {[%clk 0:13:24]} hxg6 {[%clk 0:07:05]} 59. Bc4 {[%clk 0:12:37]} Nb6
{[%clk 0:07:13]} 60. Ba6 {[%clk 0:12:40]} Ra2 {[%clk 0:07:20]} 61. Bb5
{[%clk 0:11:00]} Ke7 {[%clk 0:07:05]} 62. Bc6 {[%clk 0:10:32]} g5
{[%clk 0:06:37]} 63. Ke4 {[%clk 0:08:14]} Rc2 {[%clk 0:06:02]} 64. Bb5
{[%clk 0:08:14]} Nc8 {[%clk 0:05:56]} 65. Ke3 {[%clk 0:07:19]} Nd6
{[%clk 0:06:02]} 66. Ba4 {[%clk 0:07:33]} Rc4 {[%clk 0:05:07]} 67. Bd1
{[%clk 0:07:42]} Rc8 {[%clk 0:03:33]} 68. Bf3 {[%clk 0:07:00]} Nc4+
{[%clk 0:03:40]} 69. Kd4 {[%clk 0:07:24]} gxf4 {[%clk 0:02:46]} 70. Nxf4
{[%clk 0:04:18]} Ne5 {[%clk 0:03:03]} 71. Be2 {[%clk 0:04:45]} Rg8
{[%clk 0:02:36]} 72. Nd5+ {[%clk 0:05:05]} Ke6 {[%clk 0:02:57]} 73. Ne3
{[%clk 0:04:46]} Ra8 {[%clk 0:03:03]} 74. Bd1 {[%clk 0:03:14]} Rd8+
{[%clk 0:02:23]} 75. Ke4 {[%clk 0:03:39]} Rxd1 {[%clk 0:02:29]} 76. Nxd1
{[%clk 0:04:05]} Nxg4 {[%clk 0:02:54]} 77. Kf4 {[%clk 0:04:32]} Ne5
{[%clk 0:03:21]} 78. Ne3 {[%clk 0:04:55]} 1/2-1/2

[Event "Team women final 2016"]
[Site "Sochi"]
[Date "2016.05.05"]
[Round "5.12"]
[White "Vasilevich, Irina"]
[Black "Baraeva, Marina"]
[Result "1-0"]
[LiveChessVersion "1.4.4"]
[BlackElo "2208"]
[WhiteElo "2286"]
[BlackTeam "University"]
[WhiteTeam "Boavishta"]

1. e4 {[%clk 1:30:56]} e6 {[%clk 1:30:37]} 2. d4 {[%clk 1:31:21]} d5
{[%clk 1:30:58]} 3. Bd3 {[%clk 1:31:45]} dxe4 {[%clk 1:27:31]} 4. Bxe4
{[%clk 1:32:09]} Nf6 {[%clk 1:27:53]} 5. Bf3 {[%clk 1:32:35]} Nbd7
{[%clk 1:26:21]} 6. Ne2 {[%clk 1:28:39]} e5 {[%clk 1:21:48]} 7. Ng3
{[%clk 1:17:29]} Bd6 {[%clk 1:01:48]} 8. O-O {[%clk 1:12:54]} O-O
{[%clk 1:01:11]} 9. Nf5 {[%clk 1:07:51]} e4 {[%clk 0:49:23]} 10. Be2
{[%clk 1:08:00]} Re8 {[%clk 0:48:11]} 11. Nxd6 {[%clk 1:05:26]} cxd6
{[%clk 0:48:35]} 12. Na3 {[%clk 1:05:11]} Nf8 {[%clk 0:44:18]} 13. Bf4
{[%clk 0:57:30]} Ng6 {[%clk 0:36:38]} 14. Bg3 {[%clk 0:55:06]} Nd5
{[%clk 0:30:19]} 15. Nb5 {[%clk 0:29:58]} Ndf4 {[%clk 0:27:49]} 16. Qd2
{[%clk 0:30:18]} Qg5 {[%clk 0:22:44]} 17. Kh1 {[%clk 0:30:20]} Rd8
{[%clk 0:22:09]} 18. c4 {[%clk 0:22:26]} Qf5 {[%clk 0:16:40]} 19. f3
{[%clk 0:20:51]} Nxe2 {[%clk 0:10:15]} 20. Qxe2 {[%clk 0:21:12]} exf3
{[%clk 0:09:30]} 21. Rxf3 {[%clk 0:20:59]} Qh5 {[%clk 0:06:22]} 22. Qf2
{[%clk 0:20:58]} f6 {[%clk 0:05:43]} 23. Nxd6 {[%clk 0:19:06]} Bg4
{[%clk 0:05:04]} 24. Rb3 {[%clk 0:19:22]} b6 {[%clk 0:04:48]} 25. Re1
{[%clk 0:18:54]} Rd7 {[%clk 0:03:06]} 26. Rb5 {[%clk 0:14:41]} Qh6
{[%clk 0:03:03]} 27. Nf5 {[%clk 0:14:14]} Bxf5 {[%clk 0:02:39]} 28. Qxf5
{[%clk 0:14:37]} Rad8 {[%clk 0:01:45]} 29. Qe6+ {[%clk 0:11:33]} Rf7
{[%clk 0:01:01]} 30. Rd5 {[%clk 0:11:34]} Rxd5 {[%clk 0:00:41]} 31. Qxd5
{[%clk 0:11:51]} Nf8 {[%clk 0:00:34]} 32. Re7 {[%clk 0:08:25]} Qg6
{[%clk 0:00:53]} 33. h3 {[%clk 0:07:53]} a6 {[%clk 0:00:44]} 34. c5
{[%clk 0:07:51]} bxc5 {[%clk 0:00:52]} 35. dxc5 {[%clk 0:08:14]} f5
{[%clk 0:01:06]} 36. c6 {[%clk 0:08:07]} Qf6 {[%clk 0:01:11]} 37. Qxf7+
{[%clk 0:08:27]} 1-0

[Event "Team women final 2016"]
[Site "Sochi"]
[Date "2016.05.05"]
[Round "5.13"]
[White "Bodnaruk, Anastasia"]
[Black "Maslova, Polina"]
[Result "1-0"]
[LiveChessVersion "1.4.4"]
[BlackElo "2095"]
[WhiteElo "2475"]
[BlackTeam "Bukavushki"]
[WhiteTeam "SDUSSHOR"]

1. e4 {[%clk 1:30:57]} c5 {[%clk 1:30:55]} 2. Nc3 {[%clk 1:31:22]} Nc6
{[%clk 1:31:18]} 3. Bb5 {[%clk 1:31:45]} g6 {[%clk 1:23:22]} 4. Bxc6
{[%clk 1:30:52]} dxc6 {[%clk 1:21:54]} 5. d3 {[%clk 1:29:52]} Bg7
{[%clk 1:21:38]} 6. f4 {[%clk 1:29:55]} c4 {[%clk 1:15:42]} 7. Nf3
{[%clk 1:27:15]} cxd3 {[%clk 1:14:03]} 8. cxd3 {[%clk 1:27:40]} Nf6
{[%clk 1:10:08]} 9. O-O {[%clk 1:25:48]} O-O {[%clk 1:03:16]} 10. Kh1
{[%clk 1:20:13]} c5 {[%clk 1:01:37]} 11. Be3 {[%clk 1:13:36]} b6 {[%clk 1:01:38]}
12. Qe2 {[%clk 1:13:27]} Bb7 {[%clk 0:59:21]} 13. Rad1 {[%clk 1:09:47]} Qc7
{[%clk 0:57:55]} 14. f5 {[%clk 1:01:59]} c4 {[%clk 0:44:34]} 15. fxg6
{[%clk 0:50:41]} hxg6 {[%clk 0:44:35]} 16. dxc4 {[%clk 0:41:04]} Nxe4
{[%clk 0:44:13]} 17. Nxe4 {[%clk 0:38:15]} Bxe4 {[%clk 0:44:36]} 18. Ng5
{[%clk 0:38:19]} Bb7 {[%clk 0:28:44]} 19. Qg4 {[%clk 0:35:53]} Bf6
{[%clk 0:25:23]} 20. Bd4 {[%clk 0:28:21]} Kg7 {[%clk 0:17:29]} 21. Rxf6
{[%clk 0:19:15]} exf6 {[%clk 0:17:25]} 22. Rf1 {[%clk 0:19:17]} Qc6
{[%clk 0:12:14]} 23. Bxf6+ {[%clk 0:18:53]} Qxf6 {[%clk 0:12:39]} 24. Rxf6
{[%clk 0:19:21]} Kxf6 {[%clk 0:13:02]} 25. Nh7+ {[%clk 0:19:24]} Kg7
{[%clk 0:13:29]} 26. Nxf8 {[%clk 0:19:43]} Kxf8 {[%clk 0:13:08]} 27. Qd7
{[%clk 0:19:19]} Be4 {[%clk 0:12:46]} 28. b4 {[%clk 0:17:49]} Kg8
{[%clk 0:09:48]} 29. Kg1 {[%clk 0:16:23]} Bf5 {[%clk 0:04:47]} 30. Qb7
{[%clk 0:10:25]} Rc8 {[%clk 0:05:12]} 31. Qxa7 {[%clk 0:10:46]} Rxc4
{[%clk 0:05:34]} 32. Qxb6 {[%clk 0:11:01]} Rc1+ {[%clk 0:05:54]} 33. Kf2
{[%clk 0:11:29]} Rc2+ {[%clk 0:06:18]} 34. Ke3 {[%clk 0:08:11]} Rxa2
{[%clk 0:06:26]} 35. Qc6 {[%clk 0:08:09]} Ra3+ {[%clk 0:04:35]} 36. Kf4
{[%clk 0:07:38]} Ra1 {[%clk 0:03:12]} 37. Qe8+ {[%clk 0:07:43]} 1-0

[Event "Team women final 2016"]
[Site "Sochi"]
[Date "2016.05.05"]
[Round "5.14"]
[White "Trapeznikova, Darya"]
[Black "Ovod, Evgenija"]
[Result "0-1"]
[LiveChessVersion "1.4.4"]
[BlackElo "2329"]
[WhiteElo "2085"]
[BlackTeam "SDUSSHOR"]
[WhiteTeam "Bukavushki"]

1. c4 {[%clk 1:30:55]} c5 {[%clk 1:30:50]} 2. Nc3 {[%clk 1:31:16]} Nf6
{[%clk 1:31:10]} 3. Nf3 {[%clk 1:31:26]} e6 {[%clk 1:31:27]} 4. g3
{[%clk 1:31:46]} b6 {[%clk 1:31:49]} 5. Bg2 {[%clk 1:32:06]} Bb7 {[%clk 1:32:13]}
6. O-O {[%clk 1:32:23]} d6 {[%clk 1:32:31]} 7. d4 {[%clk 1:32:32]} cxd4
{[%clk 1:32:44]} 8. Qxd4 {[%clk 1:32:55]} a6 {[%clk 1:32:32]} 9. Rd1
{[%clk 1:32:59]} Nbd7 {[%clk 1:31:53]} 10. Bg5 {[%clk 1:33:16]} Be7
{[%clk 1:31:19]} 11. Nd2 {[%clk 1:33:16]} Bxg2 {[%clk 1:08:38]} 12. Kxg2
{[%clk 1:33:41]} Nc5 {[%clk 1:09:02]} 13. Nde4 {[%clk 1:25:22]} Nfxe4
{[%clk 1:07:26]} 14. Bxe7 {[%clk 1:25:33]} Kxe7 {[%clk 1:05:12]} 15. Nxe4
{[%clk 1:25:55]} Nxe4 {[%clk 1:05:20]} 16. Qxe4 {[%clk 1:26:23]} Qc7
{[%clk 1:05:37]} 17. Rd3 {[%clk 1:23:26]} h5 {[%clk 0:55:51]} 18. h4
{[%clk 1:18:32]} Rac8 {[%clk 0:55:33]} 19. Rad1 {[%clk 1:16:51]} Qc6
{[%clk 0:49:31]} 20. Qxc6 {[%clk 1:16:21]} Rxc6 {[%clk 0:49:57]} 21. e4
{[%clk 1:12:57]} Rhc8 {[%clk 0:47:49]} 22. R1d2 {[%clk 1:11:49]} R8c7
{[%clk 0:46:42]} 23. Rd1 {[%clk 1:11:36]} Rb7 {[%clk 0:39:36]} 24. Kf3
{[%clk 1:10:24]} b5 {[%clk 0:38:01]} 25. cxb5 {[%clk 1:10:15]} Rxb5
{[%clk 0:38:21]} 26. R1d2 {[%clk 1:09:16]} Rcb6 {[%clk 0:38:06]} 27. b3
{[%clk 1:09:15]} Rc6 {[%clk 0:35:09]} 28. Ke3 {[%clk 1:00:38]} g5
{[%clk 0:28:04]} 29. hxg5 {[%clk 0:56:15]} Rxg5 {[%clk 0:28:30]} 30. Rd4
{[%clk 0:46:23]} h4 {[%clk 0:24:03]} 31. gxh4 {[%clk 0:46:32]} Rh5
{[%clk 0:24:30]} 32. Rc4 {[%clk 0:45:54]} Rxc4 {[%clk 0:23:33]} 33. bxc4
{[%clk 0:46:20]} Rxh4 {[%clk 0:24:01]} 34. Rb2 {[%clk 0:46:02]} f5
{[%clk 0:24:05]} 35. exf5 {[%clk 0:41:06]} Rxc4 {[%clk 0:22:12]} 36. fxe6
{[%clk 0:32:05]} Kxe6 {[%clk 0:22:38]} 37. Kd3 {[%clk 0:23:07]} Ra4
{[%clk 0:22:57]} 38. Ke3 {[%clk 0:21:00]} Ke5 {[%clk 0:22:15]} 39. Kd3
{[%clk 0:11:37]} Ra3+ {[%clk 0:22:38]} 40. Kc4 {[%clk 0:39:05]} d5+
{[%clk 0:52:55]} 41. Kb4 {[%clk 0:39:27]} Rf3 {[%clk 0:53:09]} 42. Re2+
{[%clk 0:39:02]} Kd4 {[%clk 0:50:02]} 43. Rd2+ {[%clk 0:39:24]} Ke4
{[%clk 0:50:16]} 44. Kc5 {[%clk 0:34:48]} Rc3+ {[%clk 0:50:08]} 45. Kb4
{[%clk 0:35:11]} d4 {[%clk 0:49:19]} 46. a4 {[%clk 0:32:09]} Rc6 {[%clk 0:47:55]}
47. Kb3 {[%clk 0:28:41]} d3 {[%clk 0:47:29]} 48. Kb2 {[%clk 0:22:22]} Kd4
{[%clk 0:44:12]} 49. Kb1 {[%clk 0:22:11]} Re6 {[%clk 0:27:35]} 50. Kc1
{[%clk 0:21:56]} Kc3 {[%clk 0:27:38]} 51. Rd1 {[%clk 0:20:12]} Re2
{[%clk 0:27:45]} 52. Rf1 {[%clk 0:19:45]} Rb2 {[%clk 0:25:57]} 53. f4
{[%clk 0:19:20]} d2+ {[%clk 0:26:21]} 54. Kd1 {[%clk 0:19:47]} Rb1+
{[%clk 0:26:47]} 0-1